00602nam a22001813a 450000500170000000800410001701000410005802000280009903500410012703700100016804000180017808200120019610000160020824500840022426000250030827000610033330000260039420051014160153.0050725t20052003nyu | 00| 0 eng d aB-278810-811, B-284263-291, B-284519 a9781846040177c£ 14.99 aB-278810-811, B-284263-291, B-284519 bAakar adplbEnglish  a915.404 aTully, Mark aIndia's unending journey:cby Mark Tullybfinding balance in a time of change / aLondon bRiderc2007 aRandom House, 20 Vauxhall Bridge RoadbLonfoneSW IV 2SA ax, 278p. c24 cm (Hb)